000
00331nam a22001337a 4500
008
170627b xxu||||| |||| 00| 0 eng d
020
_a
9780521356633
041
_a
eng
080
_a
32
100
_a
21
101
_a
SHP
245
_a
EASTERN EUROPE GORBACHEV AND REFORM THE GREAT CHALLENGE
_c
DAWISHA.K
942
_2
udc
_c
BK
999
_c
19117
_d
19117